| 000 | 00560nam a22002057a 4500 | ||
|---|---|---|---|
| 003 | OSt | ||
| 005 | 20151106135803.0 | ||
| 008 | 151106b xxu||||| |||| 00| 0 eng d | ||
| 020 | _a9781847874894 | ||
| 040 | _cDNLM | ||
| 082 | _aWA525 G721h 2010 | ||
| 100 |
_aGreen, Jackie; Tones, Keith _96021 |
||
| 245 |
_aHealth promotion: _bplanning and strategies |
||
| 250 | _a2nd ed. | ||
| 260 |
_aLos Angeles; _bSage, _c2010 |
||
| 300 |
_axvi,576p; _bill: 24cm |
||
| 504 | _aBibliography, & index included | ||
| 650 |
_aHealth promotion _92077 |
||
| 942 |
_2z _cO_SHELF |
||
| 999 |
_c2449 _d2449 |
||